000 00375nam a2200157Ia 4500
005 20250729165553.0
008 250729s1900 xx 000 0 und d
041 _aeng
082 _a494 DSON
100 _aD'Souza S J Lawrence
_9227311
245 _aNammo Bhase
260 _aMangalore
300 _a140p
650 _aKannada
_9227312
700 _aRao Digumurthi
_9227313
999 _c237608
_d237608